000 00785 a2200265 4500
003 CBULib
005 20250122085249.0
008 241031b |||||||| |||| 00| 0 eng d
020 _a9780691193663
040 _bEnglish
_cCBULib
_erda
041 _aeng
050 _aGT 170 Liv
100 _aKennedy, Kate
245 _aLives of houses
_c/ edited by Kate Kennedy and Hermione Lee
260 _bPrinceton University Press,
_c2020
_aNew Jersey :
300 _axvii, 297 pages : illustrations
336 _2rdacontent
_aText |
_btxt
337 _2rdamedia
_aUnmediated |
_bn
338 _2rdacarrier
_aVolume
_bnc
650 0 _93904
_aMANNERS AND CUSTOMS
650 0 _93905
_aDWELLINGS
650 0 _93906
_aSOCIAL ASPECTS
700 _93907
_aLee, Hermione
942 _2lcc
_c002
999 _c85730
_d85730